=LDR 00000nam 2200000 4500 =001 INLIS000000000001609 =005 20130612090017 =008 ***********************************Ind** =035 ##$$0010-061300000001609 =041 ##$$a Ind =082 ##$$a 808.51 =090 ##$$a 808.51, Mau-m =100 ##$$a MAULANA, Iqbal =245 ##$$a Mengenal teknik berpidato, diskusi, dan MC, Iqbal, Maulana =260 ##$$a 2000 $b Gresik =300 ##$$a viii, 119 hlm, 21 cm =650 ##$$a Pidato =850 ##$$a NBPNMAT